Normal view
MARC view
Entry Personal Name
001 - CONTROL NUMBER
- control field: 84833
003 - CONTROL NUMBER IDENTIFIER
- control field: OSt
005 - DATE AND TIME OF LATEST TRANSACTION
- control field: 20230408105813.0
008 - FIXED-LENGTH DATA ELEMENTS
- fixed length control field: 230408|| aca||aabn | a|a d
040 ## - CATALOGING SOURCE
- Original cataloging agency: OSt
- Transcribing agency: OSt
100 ## - HEADING--PERSONAL NAME
- Personal name: FARNWORTH (Edward R)
670 ## - SOURCE DATA FOUND
- Source citation: Work cat.: (OSt)169394: FARNWORTH (Edward R), Handbook of fermented funtional foods Ed 2, 2014